000 00295nam a22001337a 4500
008 181101b xxu||||| |||| 00| 0 eng d
020 _a9780874346114
041 _aeng
080 _a616.12
100 _a7
101 _aKAR
245 _aCardiovascular Disorders
_cRobert.K
942 _2udc
_cBK
999 _c51380
_d51380